000 00383nam a2200157Ia 4500
008 151213s9999 xx 000 0 und d
100 _aDr . A.R.Khan
245 _aBank Management
_cDr . A.R.Khan
250 _a11th
260 _aDhaka
_bDecent Book House
_c2008
300 _a6723 p.
650 _aManagement
650 _aManagement
700 _aDr . A.R.Khan
999 _c3672
_d3672